000 00329nam a22001217a 4500
008 230621b xxu||||| |||| 00| 0 eng d
082 _a328.3
_bIPU 1991
245 _aChronicle of Parliamentary Electionsand Developments
260 _aGeneva
_bInter-Parliamenatary Union
_c1991
300 _a135p
440 _vXXV
942 _2ddc
_cBK
999 _c2034
_d2034